Superpoblación y producción (Registro nro. 5030)

Detalles MARC
000 -LEADER
fixed length control field 01002 a2200253 4500
001 - CONTROL NUMBER
control field 52915
005 - DATE AND TIME OF LATEST TRANSACTION
control field 20260407155803.0
008 - FIXED-LENGTH DATA ELEMENTS--GENERAL INFORMATION
fixed length control field 260407a1969 arg spa d
003 - CONTROL NUMBER IDENTIFIER
control field AR-UNSa-BCEJYS
040 ## - CATALOGING SOURCE
Original cataloging agency AR-UNSa-BCEJYS
Language of cataloging spa
Transcribing agency AR-UNSa-BCEJYS
080 ## - UNIVERSAL DECIMAL CLASSIFICATION NUMBER
Universal Decimal Classification number 314.12
Common auxiliary subdivision Teorías sobre la población
041 ## - LANGUAGE CODE
Language code of text/sound track or separate title spa
100 1# - MAIN ENTRY--PERSONAL NAME
Personal name Malthus, Thomas R.
245 10 - TITLE STATEMENT
Title Superpoblación y producción
264 #1 - PRODUCTION, PUBLICATION, DISTRIBUTION, MANUFACTURE, AND COPYRIGHT NOTICE
Place of production, publication, distribution, manufacture Buenos Aires :
Name of producer, publisher, distributor, manufacturer Centro Editor de America Latina
Date of production, publication, distribution, manufacture, or copyright notice 1969
300 ## - PHYSICAL DESCRIPTION
Extent 91 p.
Dimensions 18 cm.
505 ## - FORMATTED CONTENTS NOTE
Formatted contents note 1. Ensayo sobre el principio de la población(fragmentos)/Thomas R. Malthus - 2. El capital(fragmento)/Carlos Marx - 3. El hambre mundial y el neo-malthusianismo/Josue de Castro - 4. La doble crisis/Aldous Huxley - 5. Algunos asuntos astingentes a la teora marxista-leninista de la población/Y. N. Guzevaty
590 ## - LOCAL NOTE (RLIN)
Local note niveau_biblio:m niveau_hierar:0
700 1# - ADDED ENTRY--PERSONAL NAME
Personal name Marx, Carlos
700 1# - ADDED ENTRY--PERSONAL NAME
Personal name Castro, Josué de
700 1# - ADDED ENTRY--PERSONAL NAME
Personal name Huxley, Aldous
700 1# - ADDED ENTRY--PERSONAL NAME
Personal name Guzevaty, Y.N.
942 ## - ADDED ENTRY ELEMENTS (KOHA)
Koha item type
Existencias
Withdrawn status Lost status Damaged status Not for loan Home library Current library Shelving location Date acquired Total checkouts Full call number Barcode Date last seen Price effective from Koha item type
        Biblioteca Prof. Eusebio Cleto del Rey Biblioteca Prof. Eusebio Cleto del Rey   07/04/2026   314.12 M261 L128352 07/04/2026 07/04/2026 Libro